La ejecución de sentencias y la Ley de Presupuesto (Registro nro. 22004)

Detalles MARC
000 -LEADER
fixed length control field 00397 a2200109 4500
001 - CONTROL NUMBER
control field ART_13117
005 - DATE AND TIME OF LATEST TRANSACTION
control field 20260410161817.0
008 - FIXED-LENGTH DATA ELEMENTS--GENERAL INFORMATION
fixed length control field 260409a
100 1# - MAIN ENTRY--PERSONAL NAME
Personal name Aberastury, Pedro
245 10 - TITLE STATEMENT
Title La ejecución de sentencias y la Ley de Presupuesto
773 0# - HOST ITEM ENTRY
Title Revista Juridica de Buenos Aires
Related parts El derecho constitucional presupuestario en el derecho comparado (ene. 2010)
Record control number REV4315

No hay ítems disponibles.